| 000 | 00695nam a2200217 a 4500 | ||
|---|---|---|---|
| 001 | 000012540 | ||
| 005 | 20240412074233.0 | ||
| 008 | 091113s2004 dr 000 f spa d | ||
| 040 |
_aDO-SdBNP _bspa _cBNPHU |
||
| 082 |
_aRD863.44 _bM433co |
||
| 100 | 1 |
_aMatos Acevedo, Félix, _d1952- _913079 |
|
| 245 | 1 | 0 |
_aCon un chin de amor / _cFélix Matos Acevedo; Sacul Zaid, Marcial Báez. |
| 260 |
_aSanto Domingo, : _bBúho, _c2004. |
||
| 300 |
_a99 p. ; _c21 cm. |
||
| 590 | _aInventariado, 2020/MAA | ||
| 650 | 0 |
_aCuentos dominicanos _9176 |
|
| 650 | 0 |
_aLiteratura dominicana. _967 |
|
| 700 | 1 | 2 |
_aZaid, Sacul _929246 |
| 700 | 1 | 2 |
_aBáez, Marcial _929247 |
| 910 | _aValidado. Control de calidad MFF | ||
| 999 |
_c12195 _d12195 |
||